90 mẫu thư giao dịch Pháp - Anh - Việt
Quyển sách giới thiệu những cách trình bày khác nhau đã được chọn trong thư tín của Anh cũng giống như của Mỹ - với ngày và chữ ký bên trái và với nhiều đoạn, được trình bày trong chương khởi đầu của trang 62,......
保存先:
| 第一著者: | |
|---|---|
| フォーマット: | 図書 |
| 言語: | Undetermined |
| 出版事項: |
Thành phố Hồ Chí Minh
Trẻ
1997
|
| 主題: | |
| タグ: |
タグ追加
タグなし, このレコードへの初めてのタグを付けませんか!
|
| Thư viện lưu trữ: | Trung tâm Học liệu Trường Đại học Cần Thơ |
|---|
| LEADER | 00971nam a2200217Ia 4500 | ||
|---|---|---|---|
| 001 | CTU_28406 | ||
| 008 | 210402s9999 xx 000 0 und d | ||
| 020 | |b 18.750đ | ||
| 020 | |c 18750 | ||
| 082 | |a 651.75 | ||
| 082 | |b A333 | ||
| 100 | |a Albert, L. | ||
| 245 | 0 | |a 90 mẫu thư giao dịch Pháp - Anh - Việt | |
| 245 | 0 | |c L Albert, B Desmarais | |
| 260 | |a Thành phố Hồ Chí Minh | ||
| 260 | |b Trẻ | ||
| 260 | |c 1997 | ||
| 520 | |a Quyển sách giới thiệu những cách trình bày khác nhau đã được chọn trong thư tín của Anh cũng giống như của Mỹ - với ngày và chữ ký bên trái và với nhiều đoạn, được trình bày trong chương khởi đầu của trang 62,... | ||
| 650 | |a Letter writing, english,Letter writing, french,Letter writing, vietnamese,Letters | ||
| 904 | |i Minh, 990126 | ||
| 980 | |a Trung tâm Học liệu Trường Đại học Cần Thơ | ||